Cultural politics : class, gender, race and the postmodern world (Record no. 377095)

000 -LEADER
fixed length control field 00542cam a22001817a 4500
008 - FIXED-LENGTH DATA ELEMENTS--GENERAL INFORMATION
fixed length control field 180718b1995 xxu||||| |||| 00| 0 eng d
020 ## - INTERNATIONAL STANDARD BOOK NUMBER
International Standard Book Number 0631162283
082 ## - DEWEY DECIMAL CLASSIFICATION NUMBER
Classification number B11 J763
100 ## - MAIN ENTRY--PERSONAL NAME
Personal name Jordan, Glenn
245 ## - TITLE STATEMENT
Title Cultural politics : class, gender, race and the postmodern world
Statement of responsibility, etc. by Glenn Jordan and Chris Weedon
260 ## - PUBLICATION, DISTRIBUTION, ETC.
Place of publication, distribution, etc. Oxford
Name of publisher, distributor, etc. Blackwell
Date of publication, distribution, etc. 1995
300 ## - PHYSICAL DESCRIPTION
Extent 624p.
650 ## - SUBJECT ADDED ENTRY--TOPICAL TERM
Topical term or geographic name entry element Ethnic Arts
650 ## - SUBJECT ADDED ENTRY--TOPICAL TERM
Topical term or geographic name entry element Minorities in Art
650 ## - SUBJECT ADDED ENTRY--TOPICAL TERM
Topical term or geographic name entry element Arts and Society - History - 20th Century
650 ## - SUBJECT ADDED ENTRY--TOPICAL TERM
Topical term or geographic name entry element Culture
700 ## - ADDED ENTRY--PERSONAL NAME
Personal name Weedon, Chris
Holdings
Withdrawn status Lost status Damaged status Not for loan Permanent Location Current Location Date acquired Full call number Barcode Date last seen Price effective from Koha item type
        Indian Institute of Public Administration Indian Institute of Public Administration 1995-03-10 B11 J763 69081 2018-07-21 2018-07-21 Book

Powered by Koha